Responses for show #6682 - Tuesday, October 8, 2013

Contestants

Jason Idalski, a web producer from Ypsilanti, Michigan

Erin Hoesly, a preschool teacher from Fredericksburg, Virginia

Mary Murrell, an anthropologist from Madison, Wisconsin (whose 1-day cash winnings total $7,100)

Jeopardy! Round responses

THE NATIONAL INVENTORS HALL OF FAME
A FEW CHOICE WORDS
FOOD & DRINK
"F"ILM TERMINOLOGY
(Alex: Each correct response will begin with the letter "F".)
EVACUATE!
YOU MUST BE AT LEAST THIS OLD...
(Alex: ...in order to do whatever it is we'll tell you about.)
    $200 16
George Washington Carver

Erin
    $200 21
hail

Mary
    $200 11
Jell-O

Jason
    $200 6
focus

Jason
    $200 26
New Orleans

Erin
    $200 1
21

Jason
    $400 17
(Mary: Who is McCormick?)

John Deere

MaryJason
    $400 22
a razor

Jason
    $400 12
agriculture

Mary
    $400 7
a femme fatale

Mary
    $400 30
(Mary: What is Sparta?)

Athens

MaryJason
    $400 2
(Erin: What is 27?)

35

Erin
Triple Stumper
    $600 18
Marconi

Jason
    $600 23
(Jason: What is bolshevism?)

masochism

ErinJason
    $600 13
[Jason gives the correct response with a smile.]
(Alex: That brought a smile to your face there, Jason!)
[Laughter]

Hooters

Jason
    $600 8
a fade (in)

Jason
    $600 29
Richmond

Jason
    $600 3
13

Erin
    $800 19
Colt

Erin
    $800 24
opaque

Mary
    $800 14
clarified

Mary
    $800 9
frames per second

Erin
    $800 28
Moscow

Erin
    $800 4
50

Mary
    $1000 20
(Mary: Who's Dow?)
...
(Alex: Jason's angry with himself because he knew that; he didn't ring in.)

Alfred Nobel

Mary
Triple Stumper
    $1000 25
abrogate

Jason
    $1000 15
a samovar

Triple Stumper
    $1000 10
the fourth wall

Erin
    $1,600 27
San Francisco

Erin
    $1000 5
15

Triple Stumper

Scores at the first commercial break (after clue 15):

Mary Erin Jason
$2,400 $2,000 $1,800

Scores at the end of the Jeopardy! Round:

Mary Erin Jason
$1,600 $6,200 $4,600

Double Jeopardy! Round responses

BEFORE THE EURO
BEGINS & ENDS IN "G"
I HOSTED FAMILY FEUD...
APOCALYTERATURE
TARGET IN SIGHT
BRAHMS AWAY!
    $400 1
the mark

Erin
    $400 22
ginseng

Jason
    $400 17
Richard Dawson

Jason
    $400 2
(Jason: What is X?)

Y

MaryJason
    $400 12
(Jason: What is Atlanta?)

Augusta

MaryJason
    $400 4
a piano

Erin
    $800 3
a drachma

Jason
    $800 23
(Mary: What's a gym bag?)

a grappling dummy

MaryJason
    $800 25
Al Roker

Mary
    $800 7
The Stand

Mary
    $800 13
Cheyenne

Jason
    $800 5
(Erin: What is Johann?)

Johannes

ErinJason
    $1200 8
Finland

Jason
    $1200 24
goaltending

Jason
    $1200 9
(Erin: What is a meteor?)

a comet

MaryErin
    $1200 14
Costco

Triple Stumper
    $5 6
(Jason: What's the polka?)

Hungarian dances

Jason
    $1600 10
the guilder

Triple Stumper
    $5,005 21
Gettysburg

Jason
    $1600 18
Richard Karn

Erin
    $1600 26
[The end-of-round signal sounds.]

blindness

Mary
    $1600 15
Reno

Jason
    $2000 11
Raphael

Mary
    $2000 20
grog

Triple Stumper
    $2000 19
(Erin: Who is Wayne Knight?)

John O'Hurley

ErinJason
    $2000 16
Tuscaloosa, Alabama

Jason

Scores at the end of the Double Jeopardy! Round:

Mary Erin Jason
$8,000 $4,600 $20,800
(lock game)

[wagering suggestions for these scores]

Final Jeopardy! Round responses

PRESIDENTIAL ELECTION HISTORY
ErinWho is Huey Long?
$4,000
MaryWho is was Strom Thurmond?
$1,250
JasonWho was Strom Thurmond?
$4,799
Strom Thurmond

Final scores:

Mary Erin Jason
$9,250 $600 $25,599
2nd place: $2,000 3rd place: $1,000 New champion: $25,599

Game dynamics:

Coryat scores:

Mary Erin Jason
$8,000 $4,000 $17,400
13 R,
4 W
12 R
(including 1 DD),
4 W
23 R
(including 1 DD),
4 W
(including 1 DD)

Combined Coryat: $29,400

The J! Archive is created by fans, for fans. The Jeopardy! game show and all elements thereof, including but not limited to copyright and trademark thereto, are the property of Jeopardy Productions, Inc. and are protected under law. This website is not affiliated with, sponsored by, or operated by Jeopardy Productions, Inc. Join the discussion at JBoard.tv.